00728nam a22002057a 450000500170000000800410001702000220005808200210008010000340010124500560013526000380019130000150022950400510024454100090029565000320030465000430033665000130037995201150039299900150050720230317064304.0230317b |||||||| |||| 00| 0 eng d a978-0-7456-4896-5 a658.45 W167 2012 aWaldron, Vincent R. eauthor  aCommunication emotion at work /cVincent R, Waldron aCambridge:bPolity Press,cc2012. axvi, 194p. aIncludes bibliographical references and index  e4792 aCommunication - Management  aCommunication - Psychological aspects  aEmotions 00102ddc4070aCTUMBbCTUMBd2016-05-06l0o658.45 W167 2012p4792r2023-03-17 00:00:00t1w2023-03-17yBK-R c1899d1899